Music Quiz

Random Music or Singers Quiz

Avril lavigne songs by their music videos Quiz Stats

 Plays Quiz not verified by Sporcle

Also try: 'Low Rider' Lyrics
Challenge
Share
Tweet
Score 0/18 Timer 10:00
0 Plays Today
% Correct
Girlfriend
92.1%
What The Hell
77.2%
Hello Kitty
74.8%
Complicated
73.2%
When You're Gone
64.6%
Rock N Roll
63.8%
I'm with You
63%
Smile
62.2%
Sk8er Boi
61.4%
% Correct
Here's To Never Growing Up
56.7%
Let Me Go
55.1%
Alice
53.5%
Losing Grip
52%
Wish You Were Here
51.2%
My Happy Ending
50.4%
Nobody's Home
48.8%
Innocence
26.8%
Keep Holding On
15.7%

You're not logged in!

Compare scores with friends on all Sporcle quizzes.
Join for Free
OR
Log In

You Might Also Like...

Show Comments

Extras

Curator's Pick Oct 22, 2016ReportNominate
Tags:Singers Quiz, Song Quiz, avril, lavigne, video

Top Quizzes Today


Score Distribution

Your Account Isn't Verified!

In order to create a playlist on Sporcle, you need to verify the email address you used during registration. Go to your Sporcle Settings to finish the process.

Report this User

Report this user for behavior that violates our Community Guidelines.

Details: